|
|
|
|
| LEADER |
01211nam a2200325 a 4500 |
| 001 |
36587 |
| 003 |
BD-DhAAL |
| 005 |
20191111165019.0 |
| 008 |
191111t1984 ctu b 001 0 eng d |
| 999 |
|
|
|c 40765
|d 40765
|
| 010 |
|
|
|a 83013031
|
| 020 |
|
|
|a 9780313241086
|
| 020 |
|
|
|a 0313241082 (lib. bdg.)
|
| 040 |
|
|
|a DLC
|c DLC
|d DLC
|d BD-DhAAL
|
| 050 |
0 |
0 |
|a PN2171
|b .V5 1984
|
| 082 |
0 |
0 |
|a 809.203
|2 19
|
| 100 |
1 |
|
|a Vince, Ronald W.
|9 36972
|
| 245 |
1 |
0 |
|a Renaissance theatre :
|b a historiographical handbook /
|c Ronald W. Vince.
|
| 260 |
|
|
|a Westport, Conn. :
|b Greenwood Press,
|c c1984.
|
| 300 |
|
|
|a xi, 204 pages ;
|c 24 cm.
|
| 500 |
|
|
|a Companion vol. to: Ancient and medieval theatre.
|
| 504 |
|
|
|a Includes bibliographies and index.
|
| 526 |
|
|
|a ENH
|
| 541 |
|
|
|a Book Finder International
|e 36587
|
| 650 |
|
0 |
|a Theater
|x History
|y 16th century.
|9 36973
|
| 650 |
|
0 |
|a Theater
|x History
|y 17th century.
|9 36974
|
| 650 |
|
0 |
|a Renaissance.
|9 36975
|
| 852 |
|
|
|a Ayesha Abed Library
|c General Stacks
|
| 942 |
|
|
|2 ddc
|c BK
|
| 952 |
|
|
|0 0
|1 0
|2 ddc
|4 0
|6 809_203000000000000_VIN
|7 0
|9 67024
|a BRACUL
|b BRACUL
|c GEN
|d 2019-11-05
|e Book Finder International
|g 5994.50
|l 0
|o 809.203 VIN
|p 3010036587
|r 2019-11-05
|t 1
|v 5994.50
|w 2019-11-05
|y BK
|